Every WWE PPV World Championship Match Competitor Part 1 (1985-2006) - Statistics

General Stats
  • This quiz has been taken 59 times
  • The average score is 426 of 465
Answer Stats
Year Event Title Stipulation Champion or Challenger Answer % Correct
2002 Backlash Undisputed WWF Championship Singles Champion Hollywood Hulk Hogan
100%
2002 Judgment Day Undisputed WWE Championship Singles Champion Hollywood Hulk Hogan
100%
1985 The Wrestling Classic WWF Championship Singles Champion Hulk Hogan
100%
1986 WrestleMania II WWF Championship Steel Cage Champion Hulk Hogan
100%
1987 WrestleMania III WWF Championship Singles Champion Hulk Hogan
100%
1989 WrestleMania V WWF Championship Singles Challenger Hulk Hogan
100%
1990 WrestleMania VI WWF Championship & Intercontinental Championship Winner Takes All WWF Champion Hulk Hogan
100%
1991 WrestleMania VII WWF Championship Singles Challenger Hulk Hogan
100%
1991 Survivor Series WWF Championship Singles Champion Hulk Hogan
100%
1991 This Tuesday in Texas WWF Championship Singles Challenger Hulk Hogan
100%
1993 WrestleMania IX WWF Championship Singles Challenger Hulk Hogan
100%
1993 King of the Ring WWF Championship Singles Champion Hulk Hogan
100%
2003 Backlash WWE Championship Singles Challenger John Cena
100%
2005 WrestleMania 21 WWE Championship Singles Challenger John Cena
100%
2005 Judgment Day WWE Championship I Quit Champion John Cena
100%
2005 Vengeance WWE Championship Triple Threat Champion John Cena
100%
2005 SummerSlam WWE Championship Singles Champion John Cena
100%
2005 Unforgiven WWE Championship Singles Champion John Cena
100%
2005 Taboo Tuesday WWE Championship Triple Threat Champion John Cena
100%
2005 Survivor Series WWE Championship Special Guest Referee Champion John Cena
100%
2006 New Year's Revolution WWE Championship Elimination Chamber Champion John Cena
100%
2006 New Year's Revolution WWE Championship Singles Champion John Cena
100%
2006 Royal Rumble WWE Championship Singles Challenger John Cena
100%
2006 WrestleMania 22 WWE Championship Singles Champion John Cena
100%
2006 Backlash WWE Championship Triple Threat Champion John Cena
100%
2006 ECW One Night Stand WWE Championship Extreme Rules Champion John Cena
100%
2006 SummerSlam WWE Championship Singles Challenger John Cena
100%
2006 Unforgiven WWE Championship Tables, Ladders, and Chairs Challenger John Cena
100%
2006 Cyber Sunday World Heavyweight Championship Triple Threat Challenger John Cena
100%
1992 Survivor Series WWF Championship Singles Challenger Shawn Michaels
100%
1995 WrestleMania XI WWF Championship Singles Challenger Shawn Michaels
100%
1995 In Your House 3 WWF Championship, Intercontinental Championship & Tag Team Championships Tag Team Match Intercontinental Champion Shawn Michaels
100%
1996 WrestleMania XII WWF Championship 60-Minute Iron Man Challenger Shawn Michaels
100%
1996 In Your House 7: Good Friends, Better Enemies WWF Championship No Holds Barred Champion Shawn Michaels
100%
1996 In Your House 8: Beware of Dog WWF Championship Singles Champion Shawn Michaels
100%
1996 King of the Ring WWF Championship Special Outside Enforcer Champion Shawn Michaels
100%
1996 SummerSlam WWF Championship Singles Champion Shawn Michaels
100%
1996 In Your House 10: Mind Games WWF Championship Singles Champion Shawn Michaels
100%
1996 In Your House 11: Buried Alive WWF Championship Singles Champion Shawn Michaels
100%
1996 Survivor Series WWF Championship Singles Champion Shawn Michaels
100%
1997 Royal Rumble WWF Championship Singles Challenger Shawn Michaels
100%
1997 Survivor Series WWF Championship Singles Challenger Shawn Michaels
100%
1997 De-Generation X: In Your House WWF Championship Singles Champion Shawn Michaels
100%
1998 Royal Rumble WWF Championship Casket Champion Shawn Michaels
100%
1998 WrestleMania XIV WWF Championship Special Ring Enforcer Champion Shawn Michaels
100%
2002 Survivor Series World Heavyweight Championship Elimination Chamber Challenger Shawn Michaels
100%
2002 Armageddon World Heavyweight Championship Three Stages of Hell Champion Shawn Michaels
100%
2003 SummerSlam World Heavyweight Championship Elimination Chamber Challenger Shawn Michaels
100%
2004 Royal Rumble World Heavyweight Championship Last Man Standing Challenger Shawn Michaels
100%
2004 WrestleMania XX World Heavyweight Championship Triple Threat Challenger Shawn Michaels
100%
2004 Backlash World Heavyweight Championship Triple Threat Challenger Shawn Michaels
100%
2004 Taboo Tuesday World Heavyweight Championship Singles Challenger Shawn Michaels
100%
2005 Taboo Tuesday WWE Championship Triple Threat Challenger Shawn Michaels
100%
2006 New Year's Revolution WWE Championship Elimination Chamber Challenger Shawn Michaels
100%
1998 Survivor Series WWF Championship (vacant) Tournament Final Challenger The Rock
100%
1998 Capital Carnage WWF Championship Singles Champion The Rock
100%
1998 Rock Bottom: In Your House WWF Championship Singles Champion The Rock
100%
1999 Royal Rumble WWF Championship I Quit Challenger The Rock
100%
1999 St. Valentine's Day Massacre: In Your House WWF Championship Last Man Standing Challenger The Rock
100%
1999 WrestleMania XV WWF Championship No Disqualification & Special Guest Referee Champion The Rock
100%
1999 Backlash WWF Championship No Holds Barred & Special Guest Referee Challenger The Rock
100%
1999 King of the Ring WWF Championship Singles Challenger The Rock
100%
1999 Unforgiven WWF Championship (vacant) Six-Pack Challenge & Special Outside Enforcer Challenger The Rock
100%
1999 Rebellion WWF Championship Steel Cage Challenger The Rock
100%
1999 Survivor Series WWF Championship Triple Threat Challenger The Rock
100%
2000 WrestleMania 2000 WWF Championship Fatal 4-Way Elimination Challenger The Rock
100%
2000 Backlash WWF Championship Special Guest Referee Challenger The Rock
100%
2000 Insurrextion WWF Championship Triple Threat Champion The Rock
100%
2000 Judgment Day WWF Championship Special Guest Referee 60-Minute Iron Man Champion The Rock
100%
2000 King of the Ring WWF Championship Six-Man Tag Challenger The Rock
100%
2000 Fully Loaded WWF Championship Singles Champion The Rock
100%
2000 SummerSlam WWF Championship Triple Threat Champion The Rock
100%
2000 Unforgiven WWF Championship Fatal 4-Way Champion The Rock
100%
2000 No Mercy WWF Championship No Disqualification Champion The Rock
100%
2000 Rebellion WWF Championship Fatal 4-Way Challenger The Rock
100%
2000 Armageddon WWF Championship 6-Man Hell in a Cell Challenger The Rock
100%
2001 No Way Out WWF Championship Singles Challenger The Rock
100%
2001 WrestleMania X-Seven WWF Championship No Disqualification Champion The Rock
100%
2001 SummerSlam WCW Championship Singles Challenger The Rock
100%
2001 No Mercy WCW Championship Singles Champion The Rock
100%
2001 Rebellion WWF Championship Singles Challenger The Rock
100%
2001 Vengeance World Heavyweight Championship Singles Champion The Rock
100%
2002 Royal Rumble Undisputed WWF Championship Singles Challenger The Rock
100%
2002 Vengeance Undisputed WWE Championship Triple Threat Challenger The Rock
100%
2002 SummerSlam Undisputed WWE Championship Singles Champion The Rock
100%
1992 Survivor Series WWF Championship Singles Champion Bret Hart
97%
1993 Royal Rumble WWF Championship Singles Champion Bret Hart
97%
1993 WrestleMania IX WWF Championship Singles Champion Bret Hart
97%
1994 WrestleMania X WWF Championship Special Guest Referee Challenger Bret Hart
97%
1994 King of the Ring WWF Championship Singles Champion Bret Hart
97%
1994 SummerSlam WWF Championship Steel Cage Champion Bret Hart
97%
1994 Survivor Series WWF Championship Throw in the Towel Champion Bret Hart
97%
1995 Royal Rumble WWF Championship Singles Challenger Bret Hart
97%
1995 Survivor Series WWF Championship No Disqualification Challenger Bret Hart
97%
1995 In Your House 5 WWF Championship Singles Champion Bret Hart
97%
1996 Royal Rumble WWF Championship Singles Champion Bret Hart
97%
1996 In Your House 6 WWF Championship Steel Cage Champion Bret Hart
97%
1996 WrestleMania XII WWF Championship 60-Minute Iron Man Champion Bret Hart
97%
1996 In Your House 12: It's Time WWF Championship Singles Challenger Bret Hart
97%
1997 In Your House 13: Final Four WWF Championship (vacant) Four Corners Elimination Challenger Bret Hart
97%
1997 SummerSlam WWF Championship Special Guest Referee Challenger Bret Hart
97%
1997 Ground Zero: In Your House WWF Championship Singles Champion Bret Hart
97%
1997 WWF One Night Only WWF Championship Singles Champion Bret Hart
97%
1997 Survivor Series WWF Championship Singles Champion Bret Hart
97%
1994 SummerSlam WWF Championship Steel Cage Challenger Owen Hart
97%
1997 In Your House 13: Final Four WWF Championship (vacant) Four Corners Elimination Challenger Stone Cold Steve Austin
97%
1997 In Your House 15: A Cold Day in Hell WWF Championship Singles Challenger Stone Cold Steve Austin
97%
1998 WrestleMania XIV WWF Championship Special Ring Enforcer Challenger Stone Cold Steve Austin
97%
1998 Unforgiven: In Your House WWF Championship Singles Champion Stone Cold Steve Austin
97%
1998 Over the Edge: In Your House WWF Championship Falls Count Anywhere & Special Guest Referee Champion Stone Cold Steve Austin
97%
1998 King of the Ring WWF Championship First Blood Champion Stone Cold Steve Austin
97%
1998 SummerSlam WWF Championship Singles Champion Stone Cold Steve Austin
97%
1998 Breakdown: In Your House WWF Championship Triple Threat Champion Stone Cold Steve Austin
97%
1999 WrestleMania XV WWF Championship No Disqualification & Special Guest Referee Challenger Stone Cold Steve Austin
97%
1999 Backlash WWF Championship No Holds Barred & Special Guest Referee Champion Stone Cold Steve Austin
97%
1999 No Mercy (UK) WWF Championship Anything Goes Triple Threat Champion Stone Cold Steve Austin
97%
1999 Over the Edge WWF Championship Special Guest Referee Champion Stone Cold Steve Austin
97%
1999 Fully Loaded WWF Championship First Blood Champion Stone Cold Steve Austin
97%
1999 SummerSlam WWF Championship Triple Threat Special Guest Referee Champion Stone Cold Steve Austin
97%
1999 No Mercy (US) WWF Championship No Holds Barred Challenger Stone Cold Steve Austin
97%
2000 Rebellion WWF Championship Fatal 4-Way Challenger Stone Cold Steve Austin
97%
2000 Armageddon WWF Championship 6-Man Hell in a Cell Challenger Stone Cold Steve Austin
97%
2001 WrestleMania X-Seven WWF Championship No Disqualification Challenger Stone Cold Steve Austin
97%
2001 Backlash WWF Championship, Intercontinental Championship & Tag Team Championships Tag Team Match WWF Champion Stone Cold Steve Austin
97%
2001 Insurrextion WWF Championship Handicap Match Champion Stone Cold Steve Austin
97%
2001 Judgment Day WWF Championship No Holds Barred Champion Stone Cold Steve Austin
97%
2001 King of the Ring WWF Championship Triple Threat Champion Stone Cold Steve Austin
97%
2001 SummerSlam WWF Championship Singles Champion Stone Cold Steve Austin
97%
2001 Unforgiven WWF Championship Singles Champion Stone Cold Steve Austin
97%
2001 No Mercy WWF Championship Triple Threat Champion Stone Cold Steve Austin
97%
2001 Rebellion WWF Championship Singles Champion Stone Cold Steve Austin
97%
2001 Vengeance WWF Championship Singles Champion Stone Cold Steve Austin
97%
2001 Vengeance Undisputed WWF Championship Unification Match WWF Champion Stone Cold Steve Austin
97%
2002 No Way Out Undisputed WWF Championship Singles Challenger Stone Cold Steve Austin
97%
1991 Survivor Series WWF Championship Singles Challenger The Undertaker
97%
1991 This Tuesday in Texas WWF Championship Singles Champion The Undertaker
97%
1994 Royal Rumble WWF Championship Casket Challenger The Undertaker
97%
1996 Royal Rumble WWF Championship Singles Challenger The Undertaker
97%
1997 In Your House 13: Final Four WWF Championship (vacant) Four Corners Elimination Challenger The Undertaker
97%
1997 WrestleMania 13 WWF Championship No Disqualification Challenger The Undertaker
97%
1997 In Your House 14: Revenge of the Taker WWF Championship Singles Champion The Undertaker
97%
1997 In Your House 15: A Cold Day in Hell WWF Championship Singles Champion The Undertaker
97%
1997 King of the Ring WWF Championship Singles Champion The Undertaker
97%
1997 In Your House 16: Canadian Stampede WWF Championship Singles Champion The Undertaker
97%
1997 SummerSlam WWF Championship Special Guest Referee Champion The Undertaker
97%
1997 WWF One Night Only WWF Championship Singles Challenger The Undertaker
97%
1998 Royal Rumble WWF Championship Casket Challenger The Undertaker
97%
1998 SummerSlam WWF Championship Singles Challenger The Undertaker
97%
1998 Breakdown: In Your House WWF Championship Triple Threat Challenger The Undertaker
97%
1998 Judgment Day: In Your House WWF Championship (vacant) Special Guest Referee Challenger The Undertaker
97%
1999 No Mercy (UK) WWF Championship Anything Goes Triple Threat Challenger The Undertaker
97%
1999 Over the Edge WWF Championship Special Guest Referee Challenger The Undertaker
97%
1999 King of the Ring WWF Championship Singles Champion The Undertaker
97%
1999 Fully Loaded WWF Championship First Blood Challenger The Undertaker
97%
2000 King of the Ring WWF Championship Six-Man Tag Challenger The Undertaker
97%
2000 Unforgiven WWF Championship Fatal 4-Way Challenger The Undertaker
97%
2000 Survivor Series WWF Championship Singles Challenger The Undertaker
97%
2000 Armageddon WWF Championship 6-Man Hell in a Cell Challenger The Undertaker
97%
2001 Backlash WWF Championship, Intercontinental Championship & Tag Team Championships Tag Team Match Challenger The Undertaker
97%
2001 Insurrextion WWF Championship Handicap Match Challenger The Undertaker
97%
2001 Judgment Day WWF Championship No Holds Barred Challenger The Undertaker
97%
2002 Judgment Day Undisputed WWE Championship Singles Challenger The Undertaker
97%
2002 King of the Ring Undisputed WWE Championship Singles Champion The Undertaker
97%
2002 Vengeance Undisputed WWE Championship Triple Threat Champion The Undertaker
97%
2002 Unforgiven WWE Championship Singles Challenger The Undertaker
97%
2002 No Mercy WWE Championship Hell in a Cell Challenger The Undertaker
97%
2003 No Mercy WWE Championship Biker Chain Challenger The Undertaker
97%
2004 SummerSlam WWE Championship Singles Challenger The Undertaker
97%
2004 No Mercy WWE Championship Last Ride Challenger The Undertaker
97%
2004 Armageddon WWE Championship Fatal 4-Way Challenger The Undertaker
97%
2006 No Way Out World Heavyweight Championship Singles Challenger The Undertaker
97%
1999 No Mercy (UK) WWF Championship Anything Goes Triple Threat Challenger Triple H
97%
1999 SummerSlam WWF Championship Triple Threat Special Guest Referee Challenger Triple H
97%
1999 Unforgiven WWF Championship (vacant) Six-Pack Challenge & Special Outside Enforcer Challenger Triple H
97%
1999 Rebellion WWF Championship Steel Cage Champion Triple H
97%
1999 No Mercy (US) WWF Championship No Holds Barred Champion Triple H
97%
1999 Survivor Series WWF Championship Triple Threat Champion Triple H
97%
2000 Royal Rumble WWF Championship Street Fight Champion Triple H
97%
2000 No Way Out WWF Championship Hell in a Cell Title vs. Career Champion Triple H
97%
2000 WrestleMania 2000 WWF Championship Fatal 4-Way Elimination Champion Triple H
97%
2000 Backlash WWF Championship Special Guest Referee Champion Triple H
97%
2000 Insurrextion WWF Championship Triple Threat Challenger Triple H
97%
2000 Judgment Day WWF Championship Special Guest Referee 60-Minute Iron Man Challenger Triple H
97%
2000 King of the Ring WWF Championship Six-Man Tag Champion Triple H
97%
2000 SummerSlam WWF Championship Triple Threat Challenger Triple H
97%
2000 Armageddon WWF Championship 6-Man Hell in a Cell Challenger Triple H
97%
2001 Royal Rumble WWF Championship Singles Challenger Triple H
97%
2001 Backlash WWF Championship, Intercontinental Championship & Tag Team Championships Tag Team Match Intercontinental Champion Triple H
97%
2001 Insurrextion WWF Championship Handicap Match Tag Team Partner Triple H
97%
2002 WrestleMania X8 Undisputed WWF Championship Singles Challenger Triple H
97%
2002 Backlash Undisputed WWF Championship Singles Challenger Triple H
97%
2002 King of the Ring Undisputed WWE Championship Singles Challenger Triple H
97%
2002 Unforgiven World Heavyweight Championship Singles Champion Triple H
97%
2002 No Mercy World Heavyweight Championship & Intercontinental Championship Unification Match World Heavyweight Champion Triple H
97%
2002 Survivor Series World Heavyweight Championship Elimination Chamber Champion Triple H
97%
2002 Armageddon World Heavyweight Championship Three Stages of Hell Challenger Triple H
97%
2003 Royal Rumble World Heavyweight Championship Singles Champion Triple H
97%
2003 No Way Out World Heavyweight Championship Singles Champion Triple H
97%
2003 WrestleMania XIX World Heavyweight Championship Singles Champion Triple H
97%
2003 Judgment Day World Heavyweight Championship Singles Champion Triple H
97%
2003 Insurrextion World Heavyweight Championship Street Fight Champion Triple H
97%
2003 Bad Blood World Heavyweight Championship Special Guest Referee Hell in a Cell Champion Triple H
97%
2003 SummerSlam World Heavyweight Championship Elimination Chamber Champion Triple H
97%
2003 Unforgiven World Heavyweight Championship Title vs. Career Champion Triple H
97%
2003 Survivor Series World Heavyweight Championship Singles Challenger Triple H
97%
2003 Armageddon World Heavyweight Championship Triple Threat Challenger Triple H
97%
2004 Royal Rumble World Heavyweight Championship Last Man Standing Champion Triple H
97%
2004 WrestleMania XX World Heavyweight Championship Triple Threat Champion Triple H
97%
2004 Backlash World Heavyweight Championship Triple Threat Challenger Triple H
97%
2004 Vengeance World Heavyweight Championship Singles Challenger Triple H
97%
2004 Unforgiven World Heavyweight Championship Singles Challenger Triple H
97%
2004 Taboo Tuesday World Heavyweight Championship Singles Champion Triple H
97%
2005 New Year's Revolution World Heavyweight Championship (vacant) Special Guest Referee Elimination Chamber Challenger Triple H
97%
2005 Royal Rumble World Heavyweight Championship Singles Champion Triple H
97%
2005 WrestleMania 21 World Heavyweight Championship Singles Champion Triple H
97%
2005 Backlash World Heavyweight Championship Singles Challenger Triple H
97%
2005 Vengeance World Heavyweight Championship Hell in a Cell Challenger Triple H
97%
2006 WrestleMania 22 WWE Championship Singles Challenger Triple H
97%
2006 Backlash WWE Championship Triple Threat Challenger Triple H
97%
2005 New Year's Revolution World Heavyweight Championship (vacant) Special Guest Referee Elimination Chamber Challenger Batista
94%
2005 WrestleMania 21 World Heavyweight Championship Singles Challenger Batista
94%
2005 Backlash World Heavyweight Championship Singles Champion Batista
94%
2005 Vengeance World Heavyweight Championship Hell in a Cell Champion Batista
94%
2005 The Great American Bash World Heavyweight Championship Singles Champion Batista
94%
2005 SummerSlam World Heavyweight Championship No Holds Barred Champion Batista
94%
2005 No Mercy World Heavyweight Championship Singles Champion Batista
94%
2006 SummerSlam World Heavyweight Championship Singles Challenger Batista
94%
2006 No Mercy World Heavyweight Championship Fatal 4-Way Challenger Batista
94%
2006 Survivor Series World Heavyweight Championship Last Chance Challenger Batista
94%
2002 SummerSlam Undisputed WWE Championship Singles Challenger Brock Lesnar
94%
2002 Unforgiven WWE Championship Singles Champion Brock Lesnar
94%
2002 No Mercy WWE Championship Hell in a Cell Champion Brock Lesnar
94%
2002 Rebellion WWE Championship Handicap Champion Brock Lesnar
94%
2002 Survivor Series WWE Championship Singles Champion Brock Lesnar
94%
2003 WrestleMania XIX WWE Championship Singles Challenger Brock Lesnar
94%
2003 Backlash WWE Championship Singles Champion Brock Lesnar
94%
2003 Judgment Day WWE Championship Stretcher Champion Brock Lesnar
94%
2003 Vengeance WWE Championship Triple Threat Champion Brock Lesnar
94%
2003 SummerSlam WWE Championship Singles Challenger Brock Lesnar
94%
2003 No Mercy WWE Championship Biker Chain Champion Brock Lesnar
94%
2004 Royal Rumble WWE Championship Singles Champion Brock Lesnar
94%
2004 No Way Out WWE Championship Singles Champion Brock Lesnar
94%
2004 No Way Out WWE Championship Singles Challenger Eddie Guerrero
94%
2004 WrestleMania XX WWE Championship Singles Champion Eddie Guerrero
94%
2004 Judgment Day WWE Championship Singles Champion Eddie Guerrero
94%
2004 The Great American Bash WWE Championship Texas Bullrope Champion Eddie Guerrero
94%
2004 Armageddon WWE Championship Fatal 4-Way Challenger Eddie Guerrero
94%
2005 No Mercy World Heavyweight Championship Singles Challenger Eddie Guerrero
94%
1998 King of the Ring WWF Championship First Blood Challenger Kane
94%
1998 Breakdown: In Your House WWF Championship Triple Threat Challenger Kane
94%
1998 Judgment Day: In Your House WWF Championship (vacant) Special Guest Referee Challenger Kane
94%
1999 Unforgiven WWF Championship (vacant) Six-Pack Challenge & Special Outside Enforcer Challenger Kane
94%
2000 King of the Ring WWF Championship Six-Man Tag Challenger Kane
94%
2000 Unforgiven WWF Championship Fatal 4-Way Challenger Kane
94%
2001 Backlash WWF Championship, Intercontinental Championship & Tag Team Championships Tag Team Match Challenger Kane
94%
2002 No Mercy World Heavyweight Championship & Intercontinental Championship Unification Match Intercontinental Champion Kane
94%
2002 Survivor Series World Heavyweight Championship Elimination Chamber Challenger Kane
94%
2003 Armageddon World Heavyweight Championship Triple Threat Challenger Kane
94%
2004 Bad Blood World Heavyweight Championship Singles Challenger Kane
94%
2006 New Year's Revolution WWE Championship Elimination Chamber Challenger Kane
94%
2003 SummerSlam World Heavyweight Championship Elimination Chamber Challenger Randy Orton
94%
2004 SummerSlam World Heavyweight Championship Singles Challenger Randy Orton
94%
2004 Unforgiven World Heavyweight Championship Singles Champion Randy Orton
94%
2005 New Year's Revolution World Heavyweight Championship (vacant) Special Guest Referee Elimination Chamber Challenger Randy Orton
94%
2005 Royal Rumble World Heavyweight Championship Singles Challenger Randy Orton
94%
2006 WrestleMania 22 World Heavyweight Championship Triple Threat Challenger Randy Orton
94%
1990 WrestleMania VI WWF Championship & Intercontinental Championship Winner Takes All Intercontinental Champion The Ultimate Warrior
94%
1990 SummerSlam WWF Championship Steel Cage Champion The Ultimate Warrior
94%
1991 Royal Rumble WWF Championship Singles Champion The Ultimate Warrior
94%
1992 SummerSlam WWF Championship Singles Challenger The Ultimate Warrior
94%
1999 Unforgiven WWF Championship (vacant) Six-Pack Challenge & Special Outside Enforcer Challenger Big Show
92%
1999 Survivor Series WWF Championship Triple Threat Challenger Big Show
92%
1999 Armageddon WWF Championship Singles Champion Big Show
92%
2000 WrestleMania 2000 WWF Championship Fatal 4-Way Elimination Challenger Big Show
92%
2002 Survivor Series WWE Championship Singles Challenger Big Show
92%
2002 Armageddon WWE Championship Singles Champion Big Show
92%
2003 Judgment Day WWE Championship Stretcher Challenger Big Show
92%
2003 Vengeance WWE Championship Triple Threat Challenger Big Show
92%
2005 Royal Rumble WWE Championship Triple Threat Challenger Big Show
92%
2005 No Way Out WWE Championship Barbed Wire Steel Cage Challenger Big Show
92%
2006 Cyber Sunday World Heavyweight Championship Triple Threat Challenger Big Show
92%
1994 King of the Ring WWF Championship Singles Challenger Diesel
92%
1995 Royal Rumble WWF Championship Singles Champion Diesel
92%
1995 WrestleMania XI WWF Championship Singles Champion Diesel
92%
1995 In Your House 1 WWF Championship Singles Champion Diesel
92%
1995 In Your House 2 WWF Championship Lumberjack Champion Diesel
92%
1995 SummerSlam WWF Championship Singles Champion Diesel
92%
1995 In Your House 3 WWF Championship, Intercontinental Championship & Tag Team Championships Tag Team Match WWF Champion Diesel
92%
1995 In Your House 4 WWF Championship Singles Champion Diesel
92%
1995 Survivor Series WWF Championship No Disqualification Champion Diesel
92%
1996 In Your House 6 WWF Championship Steel Cage Challenger Diesel
92%
1996 In Your House 7: Good Friends, Better Enemies WWF Championship No Holds Barred Challenger Diesel
92%
2002 Rebellion WWE Championship Handicap Challenger Edge
92%
2005 New Year's Revolution World Heavyweight Championship (vacant) Special Guest Referee Elimination Chamber Challenger Edge
92%
2006 New Year's Revolution WWE Championship Singles Challenger Edge
92%
2006 Royal Rumble WWE Championship Singles Champion Edge
92%
2006 Backlash WWE Championship Triple Threat Challenger Edge
92%
2006 Vengeance WWE Championship Singles Challenger Edge
92%
2006 SummerSlam WWE Championship Singles Champion Edge
92%
2006 Unforgiven WWE Championship Tables, Ladders, and Chairs Champion Edge
92%
2000 SummerSlam WWF Championship Triple Threat Challenger Kurt Angle
92%
2000 No Mercy WWF Championship No Disqualification Challenger Kurt Angle
92%
2000 Survivor Series WWF Championship Singles Champion Kurt Angle
92%
2000 Rebellion WWF Championship Fatal 4-Way Champion Kurt Angle
92%
2000 Armageddon WWF Championship 6-Man Hell in a Cell Champion Kurt Angle
92%
2001 Royal Rumble WWF Championship Singles Champion Kurt Angle
92%
2001 No Way Out WWF Championship Singles Champion Kurt Angle
92%
2001 SummerSlam WWF Championship Singles Challenger Kurt Angle
92%
2001 Unforgiven WWF Championship Singles Challenger Kurt Angle
92%
2001 No Mercy WWF Championship Triple Threat Challenger Kurt Angle
92%
2001 Rebellion WCW Championship Singles Challenger Kurt Angle
92%
2001 Vengeance WWF Championship Singles Challenger Kurt Angle
92%
2002 Vengeance Undisputed WWE Championship Triple Threat Challenger Kurt Angle
92%
2002 Armageddon WWE Championship Singles Challenger Kurt Angle
92%
2003 Royal Rumble WWE Championship Singles Champion Kurt Angle
92%
2003 WrestleMania XIX WWE Championship Singles Champion Kurt Angle
92%
2003 Vengeance WWE Championship Triple Threat Challenger Kurt Angle
92%
2003 SummerSlam WWE Championship Singles Champion Kurt Angle
92%
2004 WrestleMania XX WWE Championship Singles Challenger Kurt Angle
92%
2005 Royal Rumble WWE Championship Triple Threat Challenger Kurt Angle
92%
2005 Unforgiven WWE Championship Singles Challenger Kurt Angle
92%
2005 Taboo Tuesday WWE Championship Triple Threat Challenger Kurt Angle
92%
2005 Survivor Series WWE Championship Special Guest Referee Challenger Kurt Angle
92%
2006 New Year's Revolution WWE Championship Elimination Chamber Challenger Kurt Angle
92%
2006 Royal Rumble World Heavyweight Championship Singles Champion Kurt Angle
92%
2006 No Way Out World Heavyweight Championship Singles Champion Kurt Angle
92%
2006 WrestleMania 22 World Heavyweight Championship Triple Threat Champion Kurt Angle
92%
1996 In Your House 10: Mind Games WWF Championship Singles Challenger Mankind
92%
1997 In Your House 14: Revenge of the Taker WWF Championship Singles Challenger Mankind
92%
1998 Survivor Series WWF Championship (vacant) Tournament Final Challenger Mankind
92%
1998 Rock Bottom: In Your House WWF Championship Singles Challenger Mankind
92%
1999 Royal Rumble WWF Championship I Quit Champion Mankind
92%
1999 St. Valentine's Day Massacre: In Your House WWF Championship Last Man Standing Champion Mankind
92%
1999 SummerSlam WWF Championship Triple Threat Special Guest Referee Challenger Mankind
92%
1999 Unforgiven WWF Championship (vacant) Six-Pack Challenge & Special Outside Enforcer Challenger Mankind
92%
2000 WrestleMania 2000 WWF Championship Fatal 4-Way Elimination Challenger Mick Foley
92%
1988 WrestleMania IV WWF Championship (vacant) Singles Challenger Randy Savage
92%
1989 WrestleMania V WWF Championship Singles Champion Randy Savage
92%
1992 WrestleMania VIII WWF Championship Singles Challenger Randy Savage
92%
1992 SummerSlam WWF Championship Singles Champion Randy Savage
92%
2006 WrestleMania 22 World Heavyweight Championship Triple Threat Challenger Rey Mysterio
92%
2006 Judgment Day World Heavyweight Championship Singles Champion Rey Mysterio
92%
2006 ECW One Night Stand World Heavyweight Championship Extreme Rules Champion Rey Mysterio
92%
2006 The Great American Bash World Heavyweight Championship Singles Champion Rey Mysterio
92%
2000 Fully Loaded WWF Championship Singles Challenger Chris Benoit
89%
2000 Unforgiven WWF Championship Fatal 4-Way Challenger Chris Benoit
89%
2001 King of the Ring WWF Championship Triple Threat Challenger Chris Benoit
89%
2003 Royal Rumble WWE Championship Singles Challenger Chris Benoit
89%
2004 WrestleMania XX World Heavyweight Championship Triple Threat Challenger Chris Benoit
89%
2004 Backlash World Heavyweight Championship Triple Threat Champion Chris Benoit
89%
2004 Bad Blood World Heavyweight Championship Singles Champion Chris Benoit
89%
2004 Vengeance World Heavyweight Championship Singles Champion Chris Benoit
89%
2004 SummerSlam World Heavyweight Championship Singles Champion Chris Benoit
89%
2005 New Year's Revolution World Heavyweight Championship (vacant) Special Guest Referee Elimination Chamber Challenger Chris Benoit
89%
2001 King of the Ring WWF Championship Triple Threat Challenger Chris Jericho
89%
2001 No Mercy WCW Championship Singles Challenger Chris Jericho
89%
2001 Rebellion WCW Championship Singles Champion Chris Jericho
89%
2001 Vengeance World Heavyweight Championship Singles Challenger Chris Jericho
89%
2002 Royal Rumble Undisputed WWF Championship Singles Champion Chris Jericho
89%
2002 No Way Out Undisputed WWF Championship Singles Champion Chris Jericho
89%
2002 WrestleMania X8 Undisputed WWF Championship Singles Champion Chris Jericho
89%
2002 Survivor Series World Heavyweight Championship Elimination Chamber Challenger Chris Jericho
89%
2003 SummerSlam World Heavyweight Championship Elimination Chamber Challenger Chris Jericho
89%
2005 New Year's Revolution World Heavyweight Championship (vacant) Special Guest Referee Elimination Chamber Challenger Chris Jericho
89%
2005 Vengeance WWE Championship Triple Threat Challenger Chris Jericho
89%
2005 SummerSlam WWE Championship Singles Challenger Chris Jericho
89%
2006 The Great American Bash World Heavyweight Championship Singles Challenger King Booker
89%
2006 SummerSlam World Heavyweight Championship Singles Champion King Booker
89%
2006 No Mercy World Heavyweight Championship Fatal 4-Way Champion King Booker
89%
2006 Cyber Sunday World Heavyweight Championship Triple Threat Champion King Booker
89%
2006 Survivor Series World Heavyweight Championship Last Chance Champion King Booker
89%
2001 No Mercy WWF Championship Triple Threat Challenger Rob Van Dam
89%
2002 Unforgiven World Heavyweight Championship Singles Challenger Rob Van Dam
89%
2002 Survivor Series World Heavyweight Championship Elimination Chamber Challenger Rob Van Dam
89%
2006 ECW One Night Stand WWE Championship Extreme Rules Challenger Rob Van Dam
89%
2006 Vengeance WWE Championship Singles Champion Rob Van Dam
89%
2000 Insurrextion WWF Championship Triple Threat Challenger Shane McMahon
89%
2000 King of the Ring WWF Championship Six-Man Tag Tag Team Partner Shane McMahon
89%
1987 WrestleMania III WWF Championship Singles Challenger André the Giant
86%
2001 SummerSlam WCW Championship Singles Champion Booker T
86%
2002 Survivor Series World Heavyweight Championship Elimination Chamber Challenger Booker T
86%
2003 WrestleMania XIX World Heavyweight Championship Singles Challenger Booker T
86%
2004 Survivor Series WWE Championship Singles Challenger Booker T
86%
2004 Armageddon WWE Championship Fatal 4-Way Challenger Booker T
86%
2001 Vengeance Undisputed WWF Championship Unification Match World Heavyweight Champion Christ Jericho
86%
2004 Judgment Day WWE Championship Singles Challenger JBL
86%
2004 The Great American Bash WWE Championship Texas Bullrope Challenger JBL
86%
2004 SummerSlam WWE Championship Singles Champion JBL
86%
2004 No Mercy WWE Championship Last Ride Champion JBL
86%
2004 Survivor Series WWE Championship Singles Champion JBL
86%
2004 Armageddon WWE Championship Fatal 4-Way Champion JBL
86%
2005 Royal Rumble WWE Championship Triple Threat Champion JBL
86%
2005 No Way Out WWE Championship Barbed Wire Steel Cage Champion JBL
86%
2005 WrestleMania 21 WWE Championship Singles Champion JBL
86%
2005 Judgment Day WWE Championship I Quit Challenger JBL
86%
2005 The Great American Bash World Heavyweight Championship Singles Challenger JBL
86%
2005 SummerSlam World Heavyweight Championship No Holds Barred Challenger JBL
86%
2006 Judgment Day World Heavyweight Championship Singles Challenger JBL
86%
1992 WrestleMania VIII WWF Championship Singles Champion Ric Flair
86%
2000 King of the Ring WWF Championship Six-Man Tag Tag Team Partner Vince McMahon
86%
1993 WrestleMania IX WWF Championship Singles Challenger Yokozuna
86%
1993 WrestleMania IX WWF Championship Singles Champion Yokozuna
86%
1993 King of the Ring WWF Championship Singles Challenger Yokozuna
86%
1993 SummerSlam WWF Championship Singles Champion Yokozuna
86%
1994 Royal Rumble WWF Championship Casket Champion Yokozuna
86%
1994 WrestleMania X WWF Championship Special Guest Referee Champion Yokozuna
86%
1994 WrestleMania X WWF Championship Special Guest Referee Champion Yokozuna
86%
1995 In Your House 3 WWF Championship, Intercontinental Championship & Tag Team Championships Tag Team Match Challenger Yokozuna
86%
2005 Vengeance WWE Championship Triple Threat Challenger Christian
83%
2003 SummerSlam World Heavyweight Championship Elimination Chamber Challenger Goldberg
83%
2003 Unforgiven World Heavyweight Championship Title vs. Career Challenger Goldberg
83%
2003 Survivor Series World Heavyweight Championship Singles Champion Goldberg
83%
2003 Armageddon World Heavyweight Championship Triple Threat Champion Goldberg
83%
1995 In Your House 3 WWF Championship, Intercontinental Championship & Tag Team Championships Tag Team Match Challenger The British Bulldog
83%
1995 In Your House 4 WWF Championship Singles Challenger The British Bulldog
83%
1995 In Your House 5 WWF Championship Singles Challenger The British Bulldog
83%
1996 In Your House 8: Beware of Dog WWF Championship Singles Challenger The British Bulldog
83%
1996 King of the Ring WWF Championship Special Outside Enforcer Challenger The British Bulldog
83%
1999 Unforgiven WWF Championship (vacant) Six-Pack Challenge & Special Outside Enforcer Challenger The British Bulldog
83%
1993 Royal Rumble WWF Championship Singles Challenger Razor Ramon
81%
1985 The Wrestling Classic WWF Championship Singles Challenger Roddy Piper
78%
1995 In Your House 1 WWF Championship Singles Challenger Sid
75%
1995 In Your House 2 WWF Championship Lumberjack Challenger Sycho Sid
75%
1996 Survivor Series WWF Championship Singles Challenger Sycho Sid
75%
1996 In Your House 12: It's Time WWF Championship Singles Champion Sycho Sid
75%
1997 Royal Rumble WWF Championship Singles Champion Sycho Sid
75%
1997 WrestleMania 13 WWF Championship No Disqualification Champion Sycho Sid
75%
2000 Royal Rumble WWF Championship Street Fight Challenger Cactus Jack
72%
2000 No Way Out WWF Championship Hell in a Cell Title vs. Career Challenger Cactus Jack
72%
2003 Judgment Day World Heavyweight Championship Singles Challenger Kevin Nash
72%
2003 Insurrextion World Heavyweight Championship Street Fight Challenger Kevin Nash
72%
2003 Bad Blood World Heavyweight Championship Special Guest Referee Hell in a Cell Challenger Kevin Nash
72%
2003 SummerSlam World Heavyweight Championship Elimination Chamber Challenger Kevin Nash
72%
1986 WrestleMania II WWF Championship Steel Cage Challenger King Kong Bundy
72%
2000 Rebellion WWF Championship Fatal 4-Way Challenger Rikishi
72%
2000 Armageddon WWF Championship 6-Man Hell in a Cell Challenger Rikishi
72%
1996 SummerSlam WWF Championship Singles Challenger Vader
72%
1997 In Your House 13: Final Four WWF Championship (vacant) Four Corners Elimination Challenger Vader
72%
1997 In Your House 16: Canadian Stampede WWF Championship Singles Challenger Vader
72%
2006 New Year's Revolution WWE Championship Elimination Chamber Challenger Carlito
69%
1991 Royal Rumble WWF Championship Singles Challenger Sgt. Slaughter
69%
1991 WrestleMania VII WWF Championship Singles Champion Sgt. Slaughter
69%
2006 No Mercy World Heavyweight Championship Fatal 4-Way Challenger Bobby Lashley
67%
2006 Royal Rumble World Heavyweight Championship Singles Challenger Mark Henry
67%
2003 Royal Rumble World Heavyweight Championship Singles Challenger Scott Steiner
64%
2003 No Way Out World Heavyweight Championship Singles Challenger Scott Steiner
64%
1988 WrestleMania IV WWF Championship (vacant) Singles Challenger Ted DiBiase
64%
1994 Survivor Series WWF Championship Throw in the Towel Challenger Bob Backlund
61%
2006 New Year's Revolution WWE Championship Elimination Chamber Challenger Chris Masters
61%
1998 Unforgiven: In Your House WWF Championship Singles Challenger Dude Love
61%
1998 Over the Edge: In Your House WWF Championship Falls Count Anywhere & Special Guest Referee Challenger Dude Love
61%
2006 No Mercy World Heavyweight Championship Fatal 4-Way Challenger Finlay
61%
2004 Royal Rumble WWE Championship Singles Challenger Hardcore Holly
61%
1993 SummerSlam WWF Championship Singles Challenger Lex Luger
61%
1994 WrestleMania X WWF Championship Special Guest Referee Challenger Lex Luger
61%
1997 De-Generation X: In Your House WWF Championship Singles Challenger Ken Shamrock
56%
2002 Rebellion WWE Championship Handicap Tag Team Partner Paul Heyman
56%
1990 SummerSlam WWF Championship Steel Cage Challenger Rick Rude
56%
2006 ECW One Night Stand World Heavyweight Championship Extreme Rules Challenger Sabu
56%
1998 Capital Carnage WWF Championship Singles Challenger X-Pac
56%
1997 King of the Ring WWF Championship Singles Challenger Faarooq
53%
1995 SummerSlam WWF Championship Singles Challenger King Mabel
50%
1999 Armageddon WWF Championship Singles Challenger Big Boss Man
47%
1997 Ground Zero: In Your House WWF Championship Singles Challenger The Patriot
19%
1996 In Your House 11: Buried Alive WWF Championship Singles Challenger Goldust
14%
No matching quizzes found
Score Distribution
Percent of People with Each Score
Percentile by Number Answered
Your Score History
You have not taken this quiz